| 000 | 00343nam a22001457a 4500 | ||
|---|---|---|---|
| 020 | _a9780824782948 | ||
| 082 |
_a631.56 _bKUL/HA |
||
| 245 | _aHandbook of Cereal Science and Technology | ||
| 250 | _a2 | ||
| 260 |
_aNew York _bCCRC Press _c2000 |
||
| 300 | _a790 | ||
| 700 |
_aKulp,Karel _9416 |
||
| 700 |
_aPonte,Joseph.G _9417 |
||
| 942 | _cREF | ||
| 999 |
_c14301 _d14301 |
||